ứng dụng Quattro Pro trong tài chính và kế toán
Gardado en:
| Autor Principal: | |
|---|---|
| Formato: | Libro |
| Idioma: | Undetermined |
| Publicado: |
Tp. HCM
Hội tin học
1995
|
| Những chủ đề: | |
| Các nhãn: |
Engadir etiqueta
Sen Etiquetas, Sexa o primeiro en etiquetar este rexistro!
|
| Thư viện lưu trữ: | Trung tâm Học liệu Trường Đại học Cần Thơ |
|---|
| LEADER | 00617nam a2200169Ia 4500 | ||
|---|---|---|---|
| 001 | CTU_5075 | ||
| 008 | 210402s9999 xx 000 0 und d | ||
| 082 | |a 330.0285 | ||
| 082 | |b B952 | ||
| 100 | |a Christopher Van Buren | ||
| 245 | 0 | |a ứng dụng Quattro Pro trong tài chính và kế toán | |
| 245 | 0 | |c Christopher Van Buren, Mark Shmagin; Dịch giả: Đặng Xuân Hường | |
| 260 | |a Tp. HCM | ||
| 260 | |b Hội tin học | ||
| 260 | |c 1995 | ||
| 650 | |a programming languages ( electronic computers ),quattro ( computer programs ) | ||
| 980 | |a Trung tâm Học liệu Trường Đại học Cần Thơ | ||